000 00698nam a2200229Ia 4500
005 20250508164420.0
008 008 250505s9999 xx 000 0 eng d
020 _a01956 3088-2
037 _aTextual
040 _aFEDL
_beng
_cFEDL
041 _aeng
_2eng
084 _a305.512, GUP
_qFEDL
100 _aGupta Dipankar Ed.
_928249
245 0 _aSocial stratification
260 _aNew Delhi, India
_bOxford University Press
_c2008
300 _axvii,518p
365 _aINR
_b395
490 _aOxford in India readings in sociology and social anthropology
650 _aSocial classes; Caste system
_9778069
942 _cTEXL
_h305.512, GUP
999 _c1389020
_d1389020